000 00431nam a2200181Ia 4500
001 10505
005 20260306161837.0
008 260306t2018||||xx |||||||||||||| ||spa||
041 _aESP
082 _a940
_bH59 T. 11
100 _aGrenville, J. A. S.
_eAUT
245 0 _aLa Europa remodelada 1848-1878
260 _c2018
300 _a474 páginas :
_c22 cm.
650 _aGEN
654 _aCHU
942 _cLIB
_dJUS
_fJUS
_2ddc
_n
999 _c10505
_d10505